Statistiques concernant Mots commençant par "lou"

Cliquez ici pour prendre le quiz!

Statistiques générales

  • Ce quiz a été pris 493 fois
  • Le résultat moyen est 10 sur 15

Statistiques - réponses

SynonymesMots mystères% Correct
GrosLourd
96%
Ne pas regarder droitLoucher
95%
ElogeLouange
94%
Lentille grossissanteLoupe
89%
Donner à bailLouer
86%
Site de pèlerinage catholiqueLourdes
71%
Chaussure à semelle rougeLouboutin
69%
AbsurdeLoufoque
63%
Confiserie turqueLoukoum
63%
Marginal délinquantLoubard
61%
Salon-barLounge
61%
Petite lumièreLoupiote
55%
LycanthropeLoup-garou
48%
RenvoyerLourder
27%
RuserLouvoyer
22%

Distribution des résultats

Percentile par nombre de réponses

% des personnes avec chaque résultat

Votre développement - résultats

Vous n’avez pas pris ce quiz